Tous les cantons de l'Aisne sur une carte - Statistiques

Statistiques générales
  • Ce quiz a été pris 206 fois
  • Le résultat moyen est 12 sur 21
Réponses sur la Carte
Les réponses sont colorées sur une échelle allant du rouge au vert en fonction du pourcentage des utilisateurs qui les ont devinées à leur premier essai. Vous pouvez retrouver ces pourcentages ci-dessous.
 
Statistiques - réponses
Canton % Correct
Saint-Quentin-1
97%
Saint-Quentin-2
97%
Saint-Quentin-3
97%
Laon-1
93%
Laon-2
93%
Soissons-1
92%
Soissons-2
92%
Château-Thierry
87%
Vervins
70%
Hirson
59%
Villers-Cotterêts
57%
Chauny
53%
Tergnier
50%
Guise
40%
Fère-en-Tardenois
33%
Bohain-en-Vermandois
28%
Marle
26%
Vic-sur-Aisne
26%
Villeneuve-sur-Aisne
23%
Ribemont
17%
Essômes-sur-Marne
16%
Aucun quiz correspondant
Distribution des résultats
% des personnes avec chaque résultat
Percentile par nombre de réponses
Votre historique - résultats
Vous n’avez pas pris ce quiz